{"text_format":"3","workbook":"xlsx","n_sheets":1,"sheets":["Clinical data and AB measuremen"],"read":"whole","date_system":"1900"}

{"sheet":"Clinical data and AB measuremen","index":0,"n_rows":171,"n_cols":31,"rows_kept":171}
["Controls"]
["Steatosis"]
["NASH"]
[null,"(cm)",null,"(years)",null,"(kg/m2)","(IU/L)",null,"(IU/L)",{"$nulls":14},"(pg/mL)","(pg/mL)","(ng/mL)","(pg/mL)","(K/uL)","(mg/dL)","(mg/dL)","(mg/dL)"]
["Controls","ID#","Age","Gender ","BMI","ALT","AST","Waist circum","Cu IgM","MDA IgM","MAA IgM","PC IgM","Total IgM","P1/TOTAL IgM","P1 IgM",{"$nulls":7},"IL-1B","IL-6","Leptin","TNF-a","MCP-1","Chol","TG","HDL","LDL"]
[1,"05-16-C-01",50,"F",26.3,20,22,"no data",{"v":70769.33333333333,"d":"70769"},{"v":110276.66666666667,"d":"110277"},{"v":108324.66666666667,"d":"108325"},38664,{"v":5868,"d":"5868.00"},{"$f":"O6/M6","v":{"v":4.790218132242672,"d":"4.79"}},28109,{"$nulls":7},1.14,{"v":5,"d":"5.0"},12.3,1.7,{"v":109,"d":"109.0"},190,93,57,121]
[2,"05-16-C-02",47,"F",22.4,13,16,"no data",{"v":24210.833333333332,"d":"24211"},{"v":59355.666666666664,"d":"59356"},{"v":68108.33333333333,"d":"68108"},{"v":13219.333333333332,"d":"13219"},{"v":4918,"d":"4918.00"},{"v":2.1319303239799376,"d":"2.13"},{"v":10484.833333333334,"d":"10485"},{"$nulls":7},2.91,47.1,19.3,2.6,104.8]
[3,"05-16-C-03",38,"F",27.4,8,41,"no data",{"v":54216.66666666667,"d":"54217"},{"v":58168.33333333333,"d":"58168"},{"v":69973.66666666667,"d":"69974"},{"v":30731.666666666668,"d":"30732"},{"v":5566,"d":"5566.00"},{"v":3.4994610132950053,"d":"3.50"},19478,{"$nulls":7},0.47,25.4,37.3,3.1,85.5,211,73,56,146]
[4,"05-16-C-04",45,"F",{"v":24,"d":"24.0"},14,15,"no data",73306,86705,{"v":93940.66666666667,"d":"93941"},{"v":50450.666666666664,"d":"50451"},{"v":8267,"d":"8267.00"},{"v":4.969799604854643,"d":"4.97"},{"v":41085.333333333336,"d":"41085"},{"$nulls":7},{"v":2.9,"d":"2.90"},2.8,4.3,1.9,49.3]
[5,"05-16-C-05",42,"F",28.1,15,21,"no data",{"v":38719.333333333336,"d":"38719"},69364,73658,{"v":17139.666666666668,"d":"17140"},{"v":6283,"d":"6283.00"},{"v":1.7152103559870553,"d":"1.72"},{"v":10776.666666666668,"d":"10777"},{"$nulls":7},0.31,56.7,24.9,2.5,87.1,192,185,44,124]
[6,"05-16-C-06",42,"F",22.3,11,17,"no data",{"v":48279.66666666667,"d":"48280"},{"v":85799.33333333334,"d":"85799"},{"v":118466.66666666667,"d":"118467"},{"v":41351.666666666664,"d":"41352"},{"v":9052.666666666666,"d":"9052.67"},{"v":3.6515575521025117,"d":"3.65"},{"v":33056.333333333336,"d":"33056"},{"$nulls":7},0.48,32.9,9.3,3.1,87.3,206,51,47,152]
[7,"05-16-C-07",35,"F",22.5,26,20,"no data",{"v":49596.66666666667,"d":"49597"},57803,{"v":65512.66666666667,"d":"65513"},{"v":18246.666666666668,"d":"18247"},{"v":5415.333333333333,"d":"5415.33"},{"v":3.2354117936722884,"d":"3.24"},{"v":17520.833333333332,"d":"17521"},{"$nulls":7},0.25,{"v":12,"d":"12.0"},13.8,2.6,115.4]
[8,"05-16-C-10",43,"F",23.7,21,25,"no data",{"v":36756.833333333336,"d":"36757"},48170,{"v":55809.333333333336,"d":"55809"},{"v":13387.666666666666,"d":"13388"},{"v":9362,"d":"9362.00"},{"v":4.42348501032543,"d":"4.42"},{"v":41412.66666666667,"d":"41413"},{"$nulls":7},{"v":1,"d":"1.00"},5.1,7.4,2.3,104.2]
[9,"05-16-C-11",42,"F",20.4,23,30,"no data",{"v":59162.333333333336,"d":"59162"},66990,{"v":74344.33333333333,"d":"74344"},{"v":24174.666666666668,"d":"24175"},{"v":7048.666666666667,"d":"7048.67"},{"v":4.032512059018254,"d":"4.03"},{"v":28423.833333333332,"d":"28424"},{"$nulls":7},0.51,41.3,2.1,1.4,133.6,177,64,77,90]
[10,"05-16-C-12",43,"F",26.5,13,16,"no data",{"v":30727.333333333332,"d":"30727"},{"v":65645.33333333334,"d":"65645"},{"v":77813.33333333333,"d":"77813"},24333,{"v":6143,"d":"6143.00"},{"v":2.0263172174290522,"d":"2.03"},{"v":12447.666666666668,"d":"12448"},{"$nulls":7},1.08,27.2,15.9,2.4,113.8,164,34,44,116]
[11,"05-16-C-15",41,"F",24.4,14,18,"no data",{"v":46432.333333333336,"d":"46432"},{"v":66216.33333333334,"d":"66216"},{"v":65612.66666666667,"d":"65613"},19270,{"v":4066.3333333333335,"d":"4066.33"},{"v":2.854414296253791,"d":"2.85"},11607,{"$nulls":7},0.42,9.2,13.4,2.4,65.2,140,67,35,96]
[13,"05-16-C-17",52,"M",26.2,22,27,"no data",{"v":8875.333333333334,"d":"8875"},40195,{"v":43344.666666666664,"d":"43345"},16908,{"v":6003.333333333333,"d":"6003.33"},{"v":1.3513048306496391,"d":"1.35"},{"v":8112.333333333333,"d":"8112"},{"$nulls":7},0.25,31.9,2.5,2.2,111.7,154,67,45,100]
[14,"05-16-C-19",44,"M",26.8,22,23,"no data",51055,54473,{"v":62398.666666666664,"d":"62399"},{"v":45349.33333333333,"d":"45349"},{"v":5982,"d":"5982.00"},{"v":1.9922545414019839,"d":"1.99"},{"v":11917.666666666668,"d":"11918"},{"$nulls":7},{"$f":"(0.01+0.08)/2","v":{"v":0.045,"d":"0.05"}},6.1,{"v":3.85,"d":"3.9"},1.4,135.7,198,83,56,131]
[15,"05-16-C-20",48,"M",27.5,18,20,"no data",{"v":28191.666666666664,"d":"28192"},{"v":50755.666666666664,"d":"50756"},57168,{"v":7477.333333333334,"d":"7477"},{"v":5334.666666666666,"d":"5334.67"},{"v":0.8689077730567358,"d":"0.87"},{"v":4635.333333333333,"d":"4635"},{"$nulls":7},0.01,40.9,4.3,2.7,107.7]
[16,"06-479-C-01",24,"M",{"v":25,"d":"25.0"},27,27,88.5,{"v":38597.66666666667,"d":"38598"},{"v":61220.666666666664,"d":"61221"},100383,30670,{"v":8005,"d":"8005.00"},{"v":2.575806787424526,"d":"2.58"},{"v":20619.333333333332,"d":"20619"},{"$nulls":7},0.13,4.9,3.1,3.8,86.8,163,96,53,91]
[17,"06-479-C-02",47,"M",{"v":28,"d":"28.0"},19,20,95.5,{"v":15496.666666666666,"d":"15497"},{"v":42141.333333333336,"d":"42141"},{"v":40359.666666666664,"d":"40360"},{"v":7579.666666666667,"d":"7580"},{"v":6014,"d":"6014.00"},{"v":0.5781509810442301,"d":"0.58"},3477,{"$nulls":7},0.03,56.9,7.7,2.1,{"v":94,"d":"94.0"},174,67,56,105]
[18,"06-479-C-04",39,"F",23.5,15,20,81.4,{"v":13569.666666666666,"d":"13570"},{"v":49512.333333333336,"d":"49512"},{"v":56093.666666666664,"d":"56094"},{"v":10130.666666666666,"d":"10131"},{"v":6651,"d":"6651.00"},{"v":0.5485891845837718,"d":"0.55"},{"v":3648.6666666666665,"d":"3649"},{"$nulls":7},0.03,152.8,11.5,2.8,69.7]
[19,"06-479-C-05",36,"F",24.9,21,27,82.5,{"v":72213.33333333333,"d":"72213"},{"v":92347.33333333333,"d":"92347"},{"v":135981.66666666666,"d":"135982"},{"v":46543.33333333333,"d":"46543"},{"v":7140.666666666666,"d":"7140.67"},{"v":3.0282186537204745,"d":"3.03"},{"v":21623.5,"d":"21624"},{"$nulls":7},0.43,2.2,16.2,2.5,96.9,195,57,74,110]
[20,"06-479-C-06",42,"F",24.9,25,31,85.7,{"v":32347.166666666668,"d":"32347"},{"v":57403.333333333336,"d":"57403"},{"v":76575.33333333333,"d":"76575"},{"v":20003.666666666668,"d":"20004"},{"v":9277,"d":"9277.00"},{"v":1.822787539075132,"d":"1.82"},16910,{"$nulls":7},0.22,23.4,16.6,2.2,64.7]
[21,"06-479-C-08",30,"F",28.5,14,18,90.5,{"v":82879.33333333333,"d":"82879"},{"v":105525.66666666667,"d":"105526"},{"v":69662.33333333333,"d":"69662"},{"v":76800.16666666667,"d":"76800"},{"v":6448.666666666667,"d":"6448.67"},{"v":2.705003618319032,"d":"2.71"},{"v":17443.666666666664,"d":"17444"},{"$nulls":7},0.69,3.7,22.2,2.7,125.7]
[22,"06-479-C-09",49,"M",21.5,13,21,87.2,90590,116614,118521,{"v":89026.33333333334,"d":"89026"},{"v":8852.333333333334,"d":"8852.33"},{"v":2.789208118386866,"d":"2.79"},24691,{"$nulls":7},0.06,13.2,1.7,3.3,94.5,223,77,71,137]
[23,"06-479-C-10",22,"M",24.2,18,24,84.5,72676,{"v":112522.66666666667,"d":"112523"},{"v":115464.66666666667,"d":"115465"},{"v":75966.16666666667,"d":"75966"},{"v":6837.666666666667,"d":"6837.67"},{"v":2.2782381904158338,"d":"2.28"},{"v":15577.833333333334,"d":"15578"},{"$nulls":7},0.36,7.4,2.1,1.9,{"v":90,"d":"90.0"}]
[24,"06-479-C-12",67,"F",{"v":20,"d":"20.0"},16,22,80.5,{"v":47607.66666666667,"d":"47608"},84661,{"v":107360.33333333333,"d":"107360"},83453,{"v":6769,"d":"6769.00"},{"v":2.6585413896685868,"d":"2.66"},{"v":17995.666666666664,"d":"17996"},{"$nulls":7},1.46,9.2,4.2,3.7,157.5,253,86,84,152]
[25,"06-479-C-15",53,"F",19.5,20,25,{"v":67,"d":"67.0"},{"v":77892.66666666666,"d":"77893"},{"v":112778.66666666667,"d":"112779"},{"v":103005.33333333333,"d":"103005"},17917,{"v":6919.333333333333,"d":"6919.33"},{"v":1.9284131419211872,"d":"1.93"},{"v":13343.333333333334,"d":"13343"},{"$nulls":12},240,78,114,110]
[26,"06-479-C-16",23,"M",24.3,10,16,"no data",58864,{"v":85567.66666666667,"d":"85568"},81191,{"v":45249.33333333333,"d":"45249"},{"v":6713.666666666667,"d":"6713.67"},{"v":2.803634377637654,"d":"2.80"},{"v":18822.666666666664,"d":"18823"},{"$nulls":12},118,134,36,55]
[27,"06-479-C-18",37,"M",29.3,26,20,{"v":103,"d":"103.0"},{"v":65396.00000000001,"d":"65396"},{"v":83111.66666666667,"d":"83112"},70621,{"v":17516.166666666668,"d":"17516"},{"v":4621.333333333333,"d":"4621.33"},{"v":1.985502019619158,"d":"1.99"},{"v":9175.666666666668,"d":"9176"}]
[28,"06-479-C-20",31,"F",{"v":21.49,"d":"21.5"},12,22,{"v":78,"d":"78.0"},{"v":42924.333333333336,"d":"42924"},{"v":99902.33333333334,"d":"99902"},{"v":93009.33333333333,"d":"93009"},{"v":55396.33333333333,"d":"55396"},{"v":7470.666666666667,"d":"7470.67"},{"v":1.4646394788506159,"d":"1.46"},{"v":10941.833333333334,"d":"10942"},{"$nulls":12},194,261,71,71]
[29,"06-479-C-22",34,"F",{"v":18.95,"d":"19.0"},15,26,71.5,52624,{"v":75352.66666666667,"d":"75353"},93384,{"v":31851.666666666668,"d":"31852"},{"v":5928.333333333333,"d":"5928.33"},{"v":2.493393308968232,"d":"2.49"},{"v":14781.666666666668,"d":"14782"}]
[30,"06-479-C-23",35,"M",{"v":20,"d":"20.0"},10,14,{"v":74,"d":"74.0"},14096,41615,{"v":56714.666666666664,"d":"56715"},{"v":8957.333333333332,"d":"8957"},{"v":5673.333333333333,"d":"5673.33"},{"v":1.3362514688601645,"d":"1.34"},7581]
[31,"06-479-C-24",27,"F",{"v":21.11,"d":"21.1"},10,21,{"v":86,"d":"86.0"},{"v":44287.333333333336,"d":"44287"},{"v":63667.33333333333,"d":"63667"},{"v":64444.666666666664,"d":"64445"},{"v":36140.33333333333,"d":"36140"},{"v":5897.333333333333,"d":"5897.33"},{"v":1.8131358806240112,"d":"1.81"},{"v":10692.666666666668,"d":"10693"}]
[32,"06-479-C-25",27,"F",{"v":31.92,"d":"31.9"},null,null,96.5,43024,{"v":72852.33333333334,"d":"72852"},68760,{"v":17320.666666666668,"d":"17321"},{"v":7805.333333333333,"d":"7805.33"},{"v":2.1068073112401775,"d":"2.11"},{"v":16444.333333333332,"d":"16444"}]
[33,"06-479-C-26",31,"F",{"v":35.18,"d":"35.2"},null,null,{"v":108,"d":"108.0"},{"v":42242.333333333336,"d":"42242"},{"v":63094.33333333333,"d":"63094"},{"v":65383.66666666667,"d":"65384"},{"v":25997.666666666668,"d":"25998"},{"v":7758.333333333333,"d":"7758.33"},{"v":1.9445327604726101,"d":"1.94"},{"v":15086.333333333334,"d":"15086"}]
[34,"06-479-C-27",null,"M",{"$nulls":4},34307,55432,{"v":58890.333333333336,"d":"58890"},{"v":13590.666666666666,"d":"13591"},{"v":4607.666666666667,"d":"4607.67"},{"v":1.0991825218838167,"d":"1.10"},{"v":5064.666666666666,"d":"5065"}]
[]
[{"$nulls":4},"kg/m²","U/L","U/L","cm",{"$nulls":19},"mg/dL","mg/dL","mg/dL","mg/dL"]
["Controls","ID#","Age","Gender","BMI","ALT","AST","Waist Circum",{"$nulls":19},"TC","TG","HDL","LDL"]
[1,"07-142-C04",21,"M",{"v":24.03,"d":"24.0"},14,13,{"v":85,"d":"85.0"},{"v":53614.666666666664,"d":"53615"},{"v":76551.66666666666,"d":"76552"},{"v":94686.33333333334,"d":"94686"},{"v":39586.666666666664,"d":"39587"},{"v":8226.666666666668,"d":"8226.67"},{"$f":"O42/M42","v":{"v":1.5195097244732574,"d":"1.52"}},{"v":12500.5,"d":"12501"},{"$nulls":12},169,48,51,108]
[2,"07-142-C06",41,"M",27.54,18,21,89.5,{"v":31420.666666666668,"d":"31421"},62857,{"v":66832.33333333334,"d":"66832"},30643,{"v":6401,"d":"6401.00"},{"v":1.4158204447221787,"d":"1.42"},{"v":9062.666666666666,"d":"9063"},{"$nulls":12},156,112,44,90]
[3,"07-142-C07",58,"M",31.29,18,24,108.3,{"v":29618.666666666668,"d":"29619"},{"v":59710.333333333336,"d":"59710"},75604,{"v":19063.333333333332,"d":"19063"},{"v":5212,"d":"5212.00"},{"v":1.9199283704272192,"d":"1.92"},{"v":10006.666666666666,"d":"10007"},{"$nulls":12},149,117,41,85]
[4,"07-142-C08",36,"M",29.42,20,14,104,{"v":45092.166666666664,"d":"45092"},{"v":68653.66666666666,"d":"68654"},{"v":72308.33333333334,"d":"72308"},{"v":21350.666666666668,"d":"21351"},{"v":7985.333333333333,"d":"7985.33"},{"v":3.4557939555852397,"d":"3.46"},{"v":27595.666666666668,"d":"27596"},{"$nulls":12},198,177,45,118]
[5,"07-142-C09",26,"F",33.3,10,30,98.4,49737,64153,80749,40193,{"v":7065,"d":"7065.00"},{"v":1.6834630809153102,"d":"1.68"},{"v":11893.666666666666,"d":"11894"},{"$nulls":12},155,126,53,77]
[6,"07-142-C10",51,"F",27.26,12,20,87.5,{"v":42653.666666666664,"d":"42654"},{"v":65436.00000000001,"d":"65436"},{"v":92307.33333333334,"d":"92307"},{"v":13535.666666666666,"d":"13536"},{"v":3513.3333333333335,"d":"3513.33"},{"v":2.025806451612903,"d":"2.03"},{"v":7117.333333333333,"d":"7117"},{"$nulls":12},210,57,71,128]
[7,"07-142-C12",19,"F",43.19,15,19,120,{"v":58891.666666666664,"d":"58892"},{"v":65060.333333333336,"d":"65060"},{"v":69310.66666666667,"d":"69311"},{"v":34436.666666666664,"d":"34437"},{"v":5955,"d":"5955.00"},{"v":4.242065491183879,"d":"4.24"},{"v":25261.5,"d":"25262"},{"$nulls":12},161,51,41,110]
[8,"07-142-C13",59,"M",35.5,31,27,116.5,25253,53828,{"v":50525.33333333333,"d":"50525"},{"v":8259.333333333334,"d":"8259"},{"v":2803.3333333333335,"d":"2803.33"},{"v":1.1575505350772888,"d":"1.16"},3245,{"$nulls":12},207,62,80,115]
[9,"07-142-DB01",27,"M",28.45,18,21,90,{"v":24203.166666666668,"d":"24203"},49642,{"v":58390.33333333333,"d":"58390"},{"v":13414.333333333334,"d":"13414"},{"v":4659.666666666666,"d":"4659.67"},{"v":1.0640246083410831,"d":"1.06"},4958,{"$nulls":12},177,88,58,101]
[10,"07-142-DB02",68,"M",28.82,16,23,103,{"v":98754.16666666667,"d":"98754"},108904,{"v":103492.66666666667,"d":"103493"},33949,{"v":5661,"d":"5661.00"},{"v":3.0970382146852735,"d":"3.10"},{"v":17532.333333333332,"d":"17532"},{"$nulls":12},197,94,44,134]
[11,"07-142-DB03",42,"M",27.67,18,21,89,{"v":42237.666666666664,"d":"42238"},{"v":60575.66666666667,"d":"60576"},{"v":68654.66666666667,"d":"68655"},34142,{"v":5196.333333333333,"d":"5196.33"},{"v":2.1243184296619413,"d":"2.12"},{"v":11038.666666666666,"d":"11039"},{"$nulls":12},156,112,44,90]
[12,"07-142-DB04",50,"F",23.66,12,15,76,{"v":50541.166666666664,"d":"50541"},{"v":86357.66666666666,"d":"86358"},83417,{"v":27550.666666666668,"d":"27551"},{"v":7380.666666666666,"d":"7380.67"},{"v":1.8497877337187247,"d":"1.85"},{"v":13652.666666666666,"d":"13653"},{"$nulls":12},169,134,33,109]
[13,"07-142-DB05",58,"F",33.5,17,22,107.5,{"v":40295.33333333333,"d":"40295"},{"v":59636.333333333336,"d":"59636"},65678,13850,{"v":5375.833333333333,"d":"5375.83"},{"v":1.4581305223996281,"d":"1.46"},{"v":7838.666666666667,"d":"7839"},{"$nulls":12},219,63,61,145]
[14,"07-142-DB06",34,"F",21.39,6,15,79,{"v":62113.666666666664,"d":"62114"},{"v":67869.33333333333,"d":"67869"},80209,{"v":31109.333333333332,"d":"31109"},{"v":4671.666666666666,"d":"4671.67"},{"v":4.368248305387086,"d":"4.37"},20407,{"$nulls":12},154,65,42,99]
[15,"07-142-DB07",59,"F",27.11,22,28,87,{"v":33073.166666666664,"d":"33073"},{"v":54766.333333333336,"d":"54766"},{"v":65422.666666666664,"d":"65423"},{"v":24504.333333333332,"d":"24504"},{"v":5418,"d":"5418.00"},{"v":1.3348098929494279,"d":"1.33"},7232,{"$nulls":12},213,134,65,121]
[16,"07-142-DB08",22,"F",23.05,11,19,84,49130,{"v":68949.66666666666,"d":"68950"},67610,32636,{"v":4536,"d":"4536.00"},{"v":2.1092004703115816,"d":"2.11"},{"v":9567.333333333334,"d":"9567"},{"$nulls":12},163,49,59,94]
[{"$nulls":4},"kg/m²","U/L","U/L","cm"]
["Controls","ID#","Age","Gender","BMI","ALT","AST","Waist Circum"]
[1,"06-477-B-01",24,"M",24.8,27,27,88.9,{"v":27018.166666666668,"d":"27018"},{"v":51019.333333333336,"d":"51019"},{"v":59773.666666666664,"d":"59774"},{"v":22227.333333333336,"d":"22227"},{"v":9451.666666666666,"d":"9451.67"},{"$f":"O60/M60","v":{"v":1.2007758772703228,"d":"1.20"}},{"v":11349.333333333334,"d":"11349"},{"$nulls":12},163,96,53,91]
[2,"06-477-B-02",40,"F",24.1,14,18,90.5,{"v":41570.333333333336,"d":"41570"},67321,79547,{"v":23923.666666666668,"d":"23924"},{"v":4648,"d":"4648.00"},{"v":1.3218588640275388,"d":"1.32"},6144,{"$nulls":12},146,55,53,82]
[3,"06-477-B-03",53,"F",19.5,20,25,55.3,{"v":53660.333333333336,"d":"53660"},{"v":72030.33333333333,"d":"72030"},{"v":80650.66666666667,"d":"80651"},{"v":15235.666666666666,"d":"15236"},{"v":5944,"d":"5944.00"},{"v":1.9874943921040824,"d":"1.99"},{"v":11813.666666666666,"d":"11814"},{"$nulls":12},240,78,114,110]
[4,"06-477-B-04",30,"F",28.5,14,18,90.5,{"v":51078.666666666664,"d":"51079"},{"v":66969.33333333333,"d":"66969"},{"v":99535.66666666667,"d":"99536"},61821,{"v":5667,"d":"5667.00"},{"v":2.8380977589553558,"d":"2.84"},{"v":16083.5,"d":"16084"},{"$nulls":12},172,68,60,98]
[5,"06-477-JB-18",59,"F",27.7,22,28,86,{"v":32991.833333333336,"d":"32992"},{"v":62313.66666666667,"d":"62314"},{"v":80609.66666666667,"d":"80610"},{"v":31613.166666666668,"d":"31613"},{"v":6046,"d":"6046.00"},{"v":1.494321314367626,"d":"1.49"},{"v":9034.666666666666,"d":"9035"},{"$nulls":12},213,134,65,121]
[6,"06-477-JB-19",29,"M",{"v":22.66,"d":"22.7"},25,17,77,{"v":39291.333333333336,"d":"39291"},60214,{"v":89370.66666666667,"d":"89371"},{"v":38063.33333333333,"d":"38063"},{"v":5700.666666666666,"d":"5700.67"},{"v":1.3814173780844348,"d":"1.38"},7875,{"$nulls":12},150,66,47,90]
[7,"06-477-JB-20",51,"F",24.5,12,15,83,{"v":54682.833333333336,"d":"54683"},66404,{"v":83413.66666666667,"d":"83414"},{"v":28940.666666666668,"d":"28941"},{"v":7142.333333333333,"d":"7142.33"},{"v":2.073412050217016,"d":"2.07"},14809,{"$nulls":12},169,134,33,109]
[8,"06-477-JB-21",40,"M",23.9,15,25,76.5,{"v":37150.66666666667,"d":"37151"},{"v":35143.66666666667,"d":"35144"},{"v":79422.66666666667,"d":"79423"},{"v":24969.333333333336,"d":"24969"},{"v":2775.3333333333335,"d":"2775.33"},{"v":7.581071342781647,"d":"7.58"},21040,{"$nulls":12},159,54,38,110]
[9,"06-477-JB23",38,"M",20.8,15,20,80.5,{"v":11441.333333333334,"d":"11441"},{"v":76210.66666666666,"d":"76211"},{"v":33452.33333333333,"d":"33452"},{"v":8577.333333333332,"d":"8577"},{"v":5936.333333333333,"d":"5936.33"},{"v":0.6960525576955472,"d":"0.70"},4132,{"$nulls":12},168,67,54,101]
[10,"06-477-JB24",50,"F",31.5,18,21,90,{"v":24612.833333333332,"d":"24613"},42085,52212,8996,{"v":4050.6666666666665,"d":"4050.67"},{"v":1.5138248847926268,"d":"1.51"},6132,{"$nulls":12},188,104,36,131]
[11,"06-477-JB25",34,"M",36.94,19,21,116,43447,58022,75029,16906,{"v":5767.666666666666,"d":"5767.67"},{"v":2.2129688493324857,"d":"2.21"},{"v":12763.666666666666,"d":"12764"},{"$nulls":12},188,485,36,69]
[]
[1,"06-477-B-05",31,"F",33.7,10,15,108.5,{"v":44657.833333333336,"d":"44658"},58052,{"v":62264.666666666664,"d":"62265"},{"v":22823.333333333336,"d":"22823"},{"v":4235.666666666667,"d":"4235.67"},{"$f":"O72/M72","v":{"v":2.2669394821751787,"d":"2.27"}},9602,{"$nulls":12},126,55,41,74]
[2,"06-477-B-06",27,"F",20.9,10,21,{"v":86,"d":"86.0"},{"v":34366.66666666667,"d":"34367"},58176,{"v":58528.33333333333,"d":"58528"},{"v":29789.333333333336,"d":"29789"},{"v":4544.333333333333,"d":"4544.33"},{"v":1.3742389789481406,"d":"1.37"},6245,{"$nulls":12},115,44,45,61]
[3,"06-477-B-07",56,"F",{"v":31.43,"d":"31.4"},22,30,{"v":103,"d":"103.0"},{"v":35736.833333333336,"d":"35737"},55503,{"v":60738.33333333333,"d":"60738"},{"v":10064.333333333332,"d":"10064"},{"v":5479.666666666666,"d":"5479.67"},{"v":1.0777419551067584,"d":"1.08"},{"v":5905.666666666667,"d":"5906"},{"$nulls":12},200,96,58,123]
[4,"06-477-B-09",59,"M",35.3,25,29,{"v":107,"d":"107.0"},{"v":19073.833333333332,"d":"19074"},{"v":51920.66666666667,"d":"51921"},{"v":47831.666666666664,"d":"47832"},7560,{"v":3874.666666666667,"d":"3874.67"},{"v":1.4165519614590503,"d":"1.42"},{"v":5488.666666666667,"d":"5489"},{"$nulls":12},207,62,80,115]
[5,"06-477-JB-10",42,"M",29.3,78,45,{"v":95,"d":"95.0"},{"v":22492.833333333332,"d":"22493"},{"v":44537.66666666667,"d":"44538"},{"v":55899.666666666664,"d":"55900"},10321,{"v":5942.666666666666,"d":"5942.67"},{"v":0.9163114202378282,"d":"0.92"},{"v":5445.333333333333,"d":"5445"},{"$nulls":12},217,184,43,137]
[6,"06-477-JB-14",35,"F",22.2,10,16,66,{"v":77234.33333333333,"d":"77234"},{"v":91737.33333333333,"d":"91737"},{"v":98891.66666666667,"d":"98892"},74864,{"v":8665,"d":"8665.00"},{"v":4.832083092902481,"d":"4.83"},41870,{"$nulls":12},145,54,57,77]
[7,"06-477-JB-15",34,"F",21.8,16,15,76,{"v":49941.333333333336,"d":"49941"},63659,78043,{"v":25046.333333333336,"d":"25046"},{"v":5752.666666666666,"d":"5752.67"},{"v":3.9774597288214166,"d":"3.98"},22881,{"$nulls":12},154,65,42,99]
[8,"06-477-JB-17",69,"M",29.6,16,23,110.5,{"v":88905.66666666667,"d":"88906"},{"v":100410.33333333333,"d":"100410"},{"v":128574.33333333334,"d":"128574"},{"v":41926.5,"d":"41927"},{"v":5944.666666666667,"d":"5944.67"},{"v":3.2935404283952,"d":"3.29"},19579,{"$nulls":12},197,94,44,134]
[]
[]
[]
[]
[null,null,"(years)",null,"(kg/m2)",null,null,"(cm)",{"$nulls":10},"LIVER BIOPSY",{"$nulls":3},"(pg/mL)","(pg/mL)","(ng/mL)","(pg/mL)","(pg/mL)"]
["Steatosis","ID#","Age","Gender ","BMI","ALT","AST","Waist circum",{"$nulls":8},"Steatosis ","Inflammation","Ballooning","Fibrosis","NAS score",null,"IL-1B","IL-6","Leptin","TNF-a","MCP-1","Chol","TG","HDL","LDL"]
[1,"05-16-A-01",37,"F",38.9,17,14,116,{"v":27428.666666666668,"d":"27429"},63549,70126,{"v":33790.333333333336,"d":"33790"},{"v":7437.666666666667,"d":"7437.67"},{"$f":"O86/M86","v":{"v":1.2191995697575404,"d":"1.22"}},9068,null,1,1,0,0,2,null,0.55,7.6,30.4,2.6,117.8,238,159,32,185]
[2,"05-16-A-03",53,"M",34.1,45,28,112,20230,51855,{"v":58094.333333333336,"d":"58094"},11419,{"v":5970.333333333334,"d":"5970.33"},{"v":0.866394952822288,"d":"0.87"},{"v":5172.666666666667,"d":"5173"},null,1,1,0,0,2,null,0.41,1.8,6.5,1.9,107.6,176,158,38,118]
[3,"05-16-A-04",56,"M",38.6,108,68,122,{"v":6986.166666666667,"d":"6986"},{"v":35048.66666666667,"d":"35049"},27377,{"v":4546.666666666667,"d":"4547"},{"v":2343.1666666666665,"d":"2343.17"},{"v":1.5789174194466178,"d":"1.58"},{"v":3699.6666666666665,"d":"3700"},null,1,1,0,3,2,null,0.06,13.9,13.7,4.2,136.2,193,85,31,151]
[4,"05-16-A-05",57,"F",32.5,37,28,119,19879,{"v":50195.333333333336,"d":"50195"},45092,{"v":6836.166666666667,"d":"6836"},{"v":4257,"d":"4257.00"},{"v":1.3091378905332394,"d":"1.31"},5573,null,1,1,0,0,2,null,0.06,2.9,23.4,2.9,124.5,125,32,38,83]
[5,"05-16-A-06",34,"M",32.4,83,34,109.3,{"v":32802.666666666664,"d":"32803"},69494,75649,{"v":15704.333333333334,"d":"15704"},{"v":8294.333333333332,"d":"8294.33"},{"v":1.7338745328135678,"d":"1.73"},{"v":14381.333333333334,"d":"14381"},null,1,1,0,0,2,null,0.15,1.1,7.6,1.8,112.1,208,174,39,146]
[6,"05-16-A-07",23,"F",35.9,23,19,97,{"v":40239.33333333333,"d":"40239"},{"v":52680.66666666667,"d":"52681"},{"v":63362.5,"d":"63363"},{"v":51173.166666666664,"d":"51173"},{"v":5972,"d":"5972.00"},{"v":1.3159745478901541,"d":"1.32"},7859,null,1,1,0,0,2,null,0.15,3.4,15.7,0.8,116.4,157,115,32,110]
[7,"05-16-A-08",50,"M",33.8,35,30,114.7,{"v":46098.166666666664,"d":"46098"},{"v":58375.333333333336,"d":"58375"},{"v":78190.5,"d":"78191"},{"v":13888.666666666666,"d":"13889"},{"v":3806.333333333333,"d":"3806.33"},{"v":1.4092302303178914,"d":"1.41"},5364,null,1,0,1,0,2,null,0.24,14.3,15.2,4.2,96.8,230,215,46,156]
[8,"05-16-A-09",45,"F",38.1,15,18,113.3,{"v":31091.166666666668,"d":"31091"},{"v":56954.66666666667,"d":"56955"},69346,{"v":60563.33333333333,"d":"60563"},{"v":4605,"d":"4605.00"},{"v":2.7816141874773797,"d":"2.78"},{"v":12809.333333333334,"d":"12809"},null,1,1,0,0,2,null,0.73,8.4,23.8,{"v":2,"d":"2.0"},125.8,152,84,49,92]
[9,"05-16-A-10",45,"F",25.1,21,23,87.8,{"v":41246.33333333333,"d":"41246"},57758,{"v":73641.33333333333,"d":"73641"},{"v":28252.333333333336,"d":"28252"},{"v":6640.333333333333,"d":"6640.33"},{"v":1.590080819235982,"d":"1.59"},{"v":10558.666666666666,"d":"10559"},null,1,1,0,0,2,null,{"$f":"(0.12+0.01)/2","v":{"v":0.065,"d":"0.07"}},3.2,14.2,1.4,135.4,270,172,45,203]
[10,"05-16-A-11",57,"F",28.6,21,17,104.5,{"v":42844.666666666664,"d":"42845"},71069,88943,21915,{"v":8328.333333333332,"d":"8328.33"},{"v":1.766299779867921,"d":"1.77"},{"v":14710.333333333334,"d":"14710"},null,1,1,0,0,2,null,0.58,0.7,14.5,1.5,86.1,145,105,45,86]
[11,"05-16-A-12",63,"F",31.6,40,29,106,{"v":11664.166666666666,"d":"11664"},{"v":40951.333333333336,"d":"40951"},{"v":49205.666666666664,"d":"49206"},{"v":3812.9999999999995,"d":"3813"},{"v":4021.6666666666665,"d":"4021.67"},{"v":0.7210940737670949,"d":"0.72"},2900,null,2,1,0,0,3,null,0.01,3.7,44.3,4.1,{"v":136,"d":"136.0"},185,211,43,115]
[12,"05-16-A-13",33,"M",36.6,61,37,117.5,17193,{"v":39745.333333333336,"d":"39745"},45449,18227,{"v":4022.3333333333335,"d":"4022.33"},{"v":1.5306207010856054,"d":"1.53"},{"v":6156.666666666667,"d":"6157"},null,1,2,0,0,3,null,0.06,5.3,34.2,4.7,154.2,247,306,36,172]
[13,"05-16-A-14",43,"M",29.8,31,30,105.5,46598,{"v":82146.66666666666,"d":"82147"},{"v":89932.66666666667,"d":"89933"},{"v":27930.666666666668,"d":"27931"},{"v":9995.333333333332,"d":"9995.33"},{"v":1.7266057493496967,"d":"1.73"},17258,null,1,2,0,0,3,null,0.31,111.6,9.4,2.4,157.7,235,130,33,185]
[14,"05-16-A-15",48,"F",34.5,14,16,96.5,{"v":35568.166666666664,"d":"35568"},{"v":52631.333333333336,"d":"52631"},{"v":46204.666666666664,"d":"46205"},10010,{"v":4959.333333333334,"d":"4959.33"},{"v":1.0108213469552358,"d":"1.01"},5013,null,1,1,0,0,2,null,0.42,7.7,65.4,3.2,118.3,306,144,64,223]
[15,"06-479-A-01",52,"M",35.6,58,46,118.8,{"v":48441.666666666664,"d":"48442"},{"v":75305.33333333333,"d":"75305"},85002,{"v":14202.666666666666,"d":"14203"},{"v":6550.333333333334,"d":"6550.33"},{"v":1.0626431224874051,"d":"1.06"},{"v":6960.666666666667,"d":"6961"},null,1,1,0,3,2,null,null,56.1,27.1,7.5,111.2,183,166,48,102]
[16,"06-479-A-02",68,"M",26.4,34,25,92,{"v":10314.666666666666,"d":"10315"},{"v":39891.333333333336,"d":"39891"},38093,{"v":4257.333333333334,"d":"4257"},{"v":4446.5,"d":"4446.50"},{"v":0.6877319239851568,"d":"0.69"},3058,null,2,1,0,0,3,{"$nulls":6},221,212,42,137]
[{"$nulls":4},"kg/m²","U/L","U/L","cm"]
["Steatosis","ID#","Age","Gender","BMI","ALT","AST","Waist Circum"]
[1,"07-142-A01",21,"M",{"v":25.15,"d":"25.2"},13,16,{"v":86,"d":"86.0"},{"v":39640.666666666664,"d":"39641"},63597,{"v":70950.66666666667,"d":"70951"},{"v":46241.666666666664,"d":"46242"},{"v":3957.666666666667,"d":"3957.67"},{"$f":"O104/M104","v":{"v":1.161711446138297,"d":"1.16"}},{"v":4597.666666666667,"d":"4598"},{"$nulls":12},91,42,43,40]
[2,"07-142-DA02",37,"F",{"v":47.58,"d":"47.6"},33,29,{"v":135,"d":"135.0"},{"v":19750.666666666668,"d":"19751"},{"v":52910.333333333336,"d":"52910"},{"v":67866.66666666667,"d":"67867"},{"v":19074.666666666668,"d":"19075"},{"v":6547.333333333333,"d":"6547.33"},{"$f":"O105/M105","v":{"v":1.2540983606557377,"d":"1.25"}},8211,null,1,1,0,1,2,{"$nulls":6},199,123,42,132]
[]
[]
[]
[null,null,"(years)",null,"(kg/m2)",null,null,"(cm)",{"$nulls":14},"(pg/mL)","(pg/mL)","(ng/mL)","(pg/mL)","(pg/mL)"]
["NASH","ID#","Age","Gender ","BMI","ALT","AST","Waist Circum",{"$nulls":8},"Steatosis ","Inflammation","Ballooning","Fibrosis","NAS score",null,"IL-1B","IL-6","Leptin","TNF-a","MCP-1","Chol","TG","HDL","LDL"]
[1,"05-16-B-01",24,"F",32.5,56,39,"no data",{"v":42334.166666666664,"d":"42334"},{"v":54096.333333333336,"d":"54096"},{"v":60527.666666666664,"d":"60528"},{"v":27958.333333333336,"d":"27958"},{"v":6534.333333333334,"d":"6534.33"},{"$f":"O111/M111","v":{"v":1.7155537417742182,"d":"1.72"}},11210,null,2,2,1,0,5,null,0.74,{"v":40,"d":"40.0"},21.9,2.3,106.3,183,242,40,112]
[2,"05-16-B-02",48,"M",35.7,80,47,119.5,{"v":52403.666666666664,"d":"52404"},84899,88176,{"v":33322.33333333333,"d":"33322"},{"v":6835.666666666667,"d":"6835.67"},{"v":3.618618032866826,"d":"3.62"},{"v":24735.666666666668,"d":"24736"},null,2,2,2,0,6,null,1.02,105.6,9.4,1.6,77.5,184,295,36,110]
[3,"05-16-B-03",54,"M",38.1,81,56,118,{"v":28010.166666666668,"d":"28010"},{"v":48148.66666666667,"d":"48149"},{"v":37521.5,"d":"37522"},{"v":16046.666666666666,"d":"16047"},{"v":4898.666666666667,"d":"4898.67"},{"v":0.5594379422972237,"d":"0.56"},{"v":2740.5,"d":"2741"},null,2,1,2,4,5,null,3.79,107.2,31.5,3.1,127.6,158,82,39,108]
[4,"05-16-B-04",56,"F",35.3,233,140,115.5,{"v":18607.666666666668,"d":"18608"},{"v":43714.66666666667,"d":"43715"},45676,{"v":12164.333333333332,"d":"12164"},{"v":6217.666666666667,"d":"6217.67"},{"v":1.4966493325470431,"d":"1.50"},{"v":9305.666666666666,"d":"9306"},null,2,2,1,1,5,null,0.06,13.2,53.8,4.6,268.2,192,44,41,145]
[5,"05-16-B-05",59,"F",29.3,25,25,103.7,{"v":31605.666666666668,"d":"31606"},{"v":68109.66666666666,"d":"68110"},{"v":72077.33333333333,"d":"72077"},{"v":15398.333333333332,"d":"15398"},{"v":9576.666666666666,"d":"9576.67"},{"v":0.9263835711799513,"d":"0.93"},{"v":8871.666666666666,"d":"8872"},null,3,2,1,4,6,null,0.16,26.3,15.9,2.4,123.1,264,252,46,218]
[6,"05-16-B-07",55,"F",30.2,190,214,101.5,{"v":16693.166666666668,"d":"16693"},45236,51856,{"v":16375.333333333332,"d":"16375"},{"v":4629.666666666666,"d":"4629.67"},{"v":1.049247606019152,"d":"1.05"},{"v":4857.666666666667,"d":"4858"},null,2,2,1,0,5,null,0.16,71.3,{"v":31,"d":"31.0"},3.2,138.4,228,182,42,163]
[7,"05-16-B-08",53,"F",32.1,85,112,105.7,{"v":55404.666666666664,"d":"55405"},{"v":71897.66666666666,"d":"71898"},84890,{"v":27764.333333333332,"d":"27764"},{"v":6368.666666666666,"d":"6368.67"},{"v":2.0905474719983252,"d":"2.09"},13314,null,3,2,2,5,7,null,8.03,4.4,17.1,5.1,109.8,233,175,45,170]
[9,"05-16-B-10",45,"F",34.6,30,26,119.8,{"v":45977.666666666664,"d":"45978"},67909,81370,{"v":23951.666666666668,"d":"23952"},{"v":5237.666666666666,"d":"5237.67"},{"v":1.4108063387004395,"d":"1.41"},{"v":7389.333333333334,"d":"7389"},null,2,1,2,4,5,null,{"v":0.015,"d":"0.02"},45.2,44.3,{"v":3,"d":"3.0"},130.5,326,800,42,89]
[10,"05-16-B-11",58,"M",{"v":31,"d":"31.0"},42,33,102,{"v":40602.666666666664,"d":"40603"},{"v":59748.333333333336,"d":"59748"},68209,16125,{"v":5313.666666666666,"d":"5313.67"},{"v":1.9858227212847377,"d":"1.99"},10552,null,1,2,2,5,5,null,0.67,4.1,{"v":6.95,"d":"7.0"},{"v":2,"d":"2.0"},218.5,180,120,39,126]
[12,"05-16-B-13",51,"F",37.6,146,91,112.3,{"v":28712.666666666668,"d":"28713"},{"v":51301.333333333336,"d":"51301"},60097,19875,{"v":5616,"d":"5616.00"},{"v":1.452516619183286,"d":"1.45"},{"v":8157.333333333333,"d":"8157"},null,1,2,2,5,5,null,0.17,7.3,{"v":20.85,"d":"20.9"},2.9,104.6,205,76,39,156]
[13,"05-16-B-14",58,"F",34.6,41,31,101.5,{"v":35525.33333333333,"d":"35525"},{"v":52923.333333333336,"d":"52923"},{"v":59619.66666666667,"d":"59620"},{"v":14837.666666666666,"d":"14838"},{"v":4663,"d":"4663.00"},{"v":1.3541353920937882,"d":"1.35"},{"v":6314.333333333334,"d":"6314"},null,3,2,1,0,6,null,0.01,14.7,69.3,{"v":3,"d":"3.0"},202.4,181,258,38,110]
[14,"05-16-B-15",61,"M",33.3,80,60,119,59952,{"v":80003.66666666666,"d":"80004"},{"v":72648.66666666666,"d":"72649"},{"v":22616.666666666668,"d":"22617"},{"v":4148.333333333333,"d":"4148.33"},{"v":1.5460827641623143,"d":"1.55"},{"v":6413.666666666667,"d":"6414"},null,2,2,2,3,6,null,3.11,12.5,{"v":19,"d":"19.0"},1.9,{"v":120,"d":"120.0"},194,112,43,137]
[15,"05-16-B-16",59,"M",36.2,66,49,119,{"v":50033.666666666664,"d":"50034"},{"v":59821.66666666667,"d":"59822"},61202,{"v":29443.666666666668,"d":"29444"},{"v":4713,"d":"4713.00"},{"v":1.831140816182191,"d":"1.83"},{"v":8630.166666666666,"d":"8630"},null,2,2,2,4,6,null,{"v":0.3,"d":"0.30"},44.8,{"v":13.35,"d":"13.4"},3.9,94.7,120,64,36,76]
[16,"05-16-B-18",51,"F",37.7,47,63,122,{"v":3622.6666666666665,"d":"3623"},19594,{"v":25320.666666666664,"d":"25321"},{"v":6557.333333333333,"d":"6557"},{"v":2400.3333333333335,"d":"2400.33"},{"v":0.803499513956395,"d":"0.80"},{"v":1928.6666666666667,"d":"1929"},null,3,2,2,4,7,null,0.06,21.5,57.5,3.9,113.4,170,268,47,88]
[17,"05-16-B-19",49,"F",32.8,58,46,107,{"v":14626.166666666666,"d":"14626"},{"v":47381.66666666667,"d":"47382"},49115,{"v":13759.333333333334,"d":"13759"},{"v":4812.333333333333,"d":"4812.33"},{"v":1.2214448985246242,"d":"1.22"},5878,null,2,2,1,0,5,null,null,113.9,26.8,null,{"v":149,"d":"149.0"},247,164,44,182]
[18,"05-16-B-20",44,"F",39.4,48,34,109.3,{"v":60662.33333333333,"d":"60662"},74824,{"v":76864.33333333333,"d":"76864"},{"v":26559.333333333332,"d":"26559"},{"v":6506,"d":"6506.00"},{"v":3.3259555282303515,"d":"3.33"},{"v":21638.666666666668,"d":"21639"},null,3,2,1,4,6,null,0.29,7.2,29.4,2.6,{"v":91,"d":"91.0"},165,167,41,162]
[19,"05-16-B-21",29,"F",30.4,27,26,105.6,{"v":9163.666666666666,"d":"9164"},{"v":36840.66666666667,"d":"36841"},{"v":42982.66666666667,"d":"42983"},{"v":19342.666666666668,"d":"19343"},{"v":4389.333333333333,"d":"4389.33"},{"v":0.9720534629404619,"d":"0.97"},{"v":4266.666666666667,"d":"4267"},null,2,2,1,3,5,null,0.16,14.9,23.1,1.5,131.7,161,160,29,111]
[20,"05-16-B-22",50,"F",40.3,58,45,"no data",{"$nulls":8},3,2,1,3,6,{"$nulls":6},186,101,40,133]
[21,"06-479-B-01",57,"M",37.1,101,49,115.9,{"v":28177.166666666668,"d":"28177"},{"v":54573.66666666667,"d":"54574"},{"v":55406.66666666667,"d":"55407"},8431,{"v":4188,"d":"4188.00"},{"$f":"O129/M129","v":{"v":2.210760904170646,"d":"2.21"}},{"v":9258.666666666666,"d":"9259"},null,1,2,2,1,5,null,0.08,70.7,{"v":14,"d":"14.0"},5.7,120.1,251,108,51,178]
[22,"06-479-B-02",42,"F",28.5,19,20,"no data",{"$nulls":8},3,3,2,4,8,{"$nulls":6},217,165,37,147]
[23,"06-479-B-03",20,"M",36.4,192,89,117.5,{"v":22092.333333333336,"d":"22092"},{"v":48309.833333333336,"d":"48310"},{"v":50301.66666666667,"d":"50302"},40322,{"v":4549.333333333334,"d":"4549.33"},{"$f":"O131/M131","v":{"v":1.7817262602579131,"d":"1.78"}},{"v":8105.666666666667,"d":"8106"},null,2,2,1,4,5,null,0.18,43.9,{"v":15.65,"d":"15.7"},3.7,136.8,265,200,38,109]
[24,"06-479-B-04",45,"F",38.5,212,151,121,46893,{"v":72602.66666666666,"d":"72603"},67904,17840,{"v":5686,"d":"5686.00"},{"v":1.5313049595497714,"d":"1.53"},8707,null,1,3,2,2,6,null,0.64,6.5,49.7,2.6,116.4,244,144,64,151]
[25,"06-479-B-05",34,"M",40.5,79,65,118.5,{"v":14627.333333333332,"d":"14627"},52835,{"v":56037.66666666667,"d":"56038"},{"v":17461.333333333332,"d":"17461"},{"v":5985.333333333334,"d":"5985.33"},{"v":0.699599019826242,"d":"0.70"},{"v":4187.333333333334,"d":"4187"},null,3,2,2,2,7,null,0.16,10.3,24.2,2.4,119.3,230,160,56,142]
[27,"06-479-B-07",42,"M",28.2,136,88,105,{"v":11107.666666666666,"d":"11108"},54237,{"v":54961.66666666667,"d":"54962"},{"v":13956.5,"d":"13957"},{"v":2365,"d":"2365.00"},{"v":1.2892882311486962,"d":"1.29"},{"v":3049.1666666666665,"d":"3049"},null,1,2,1,4,4,null,0.01,15.2,10.7,2.7,132.3,250,233,50,153]
[28,"06-479-B-08",41,"F",{"v":40,"d":"40.0"},21,24,132.5,{"v":56514.666666666664,"d":"56515"},93274,114472,72793,{"v":6393.333333333333,"d":"6393.33"},{"v":3.413920750782065,"d":"3.41"},{"v":21826.333333333336,"d":"21826"},null,2,2,2,4,6,null,1.01,10.9,{"v":39,"d":"39.0"},{"v":5,"d":"5.0"},46.3,180,95,45,116]
[29,"06-479-B-09",36,"F",39.97,51,37,101.5,{"v":19935.666666666668,"d":"19936"},51841,33474,{"v":3664.9999999999995,"d":"3665"},{"v":3471.5,"d":"3471.50"},{"v":0.8254837006097268,"d":"0.83"},{"v":2865.6666666666665,"d":"2866"},null,2,3,2,4,7,null,{"v":0.1,"d":"0.10"},68.7,null,7.3,88.4,185,94,77,89]
[30,"06-479-B-10",61,"F",28.5,148,153,103.5,39103,{"v":84277.66666666666,"d":"84278"},{"v":88135.33333333333,"d":"88135"},{"v":38046.5,"d":"38047"},{"v":4682,"d":"4682.00"},{"v":3.95578812473302,"d":"3.96"},18521,null,3,3,2,5,8,null,0.31,{"v":44,"d":"44.0"},39.2,5.5,{"v":83,"d":"83.0"},177,152,57,90]
[32,"06-479-B-12",49,"F",35.8,42,62,110.9,{"v":37870.666666666664,"d":"37871"},{"v":53795.66666666667,"d":"53796"},73395,{"v":3398.5,"d":"3399"},{"v":3634.666666666667,"d":"3634.67"},{"v":2.8311628760088037,"d":"2.83"},{"v":10290.333333333332,"d":"10290"},null,3,3,2,5,8,null,0.43,24.5,{"v":59.65,"d":"59.7"},15.3,190.2,134,85,32,85]
[33,"06-479-B-13",40,"M",{"v":31.47,"d":"31.5"},56,42,108.5,{"v":11976.666666666666,"d":"11977"},{"v":44248.333333333336,"d":"44248"},50894,{"v":21702.666666666668,"d":"21703"},{"v":5305.666666666666,"d":"5305.67"},{"v":0.847804234466294,"d":"0.85"},{"v":4498.166666666667,"d":"4498"},null,2,2,1,0,5,null,1.64,101.9,{"v":14,"d":"14.0"},{"v":5,"d":"5.0"},146.7,151,114,40,88]
[34,"06-479-B-14",54,"F",38.5,36,31,129.5,{"v":18279.666666666668,"d":"18280"},{"v":57404.66666666667,"d":"57405"},{"v":61778.333333333336,"d":"61778"},{"v":24411.333333333332,"d":"24411"},{"v":6388.333333333333,"d":"6388.33"},{"v":0.9128619879989566,"d":"0.91"},{"v":5831.666666666667,"d":"5832"},null,3,2,2,5,7,null,0.01,24.5,{"v":66,"d":"66.0"},{"v":4,"d":"4.0"},170.4,198,125,49,124]
[35,"06-479-B-15",41,"M",29.7,38,34,105.2,{"v":54201.666666666664,"d":"54202"},{"v":66244.66666666666,"d":"66245"},{"v":80209.66666666666,"d":"80210"},{"v":31262.666666666668,"d":"31263"},{"v":4833.333333333333,"d":"4833.33"},{"v":1.9986896551724136,"d":"2.00"},{"v":9660.333333333332,"d":"9660"},{"$nulls":12},254,193,38,177]
[{"$nulls":4},"kg/m²","U/L","U/L","cm"]
["NASH","ID#","Age","Gender","BMI","ALT","AST","Waist Circum"]
[1,"07-142-B02",48,"F",{"v":42.97,"d":"43.0"},18,20,{"v":114,"d":"114.0"},{"v":66617.16666666667,"d":"66617"},{"v":94487.66666666666,"d":"94488"},{"v":94269.33333333334,"d":"94269"},{"v":27002.5,"d":"27003"},{"v":5455.333333333333,"d":"5455.33"},{"$f":"O144/M144","v":{"v":3.147928632530857,"d":"3.15"}},17173,null,2,2,1,{"$nulls":8},159,61,49,98]
[2,"07-142-DN03",52,"M",35.5,33,59,{"v":114,"d":"114.0"},{"v":9164.666666666666,"d":"9165"},39840,{"v":47033.33333333333,"d":"47033"},{"v":7723.5,"d":"7724"},{"v":2654,"d":"2654.00"},{"v":1.1370258728962572,"d":"1.14"},{"v":3017.6666666666665,"d":"3018"},{"$nulls":5},2,{"$nulls":6},247,95,52,176]
[3,"07-142-DN04",40,"M",{"v":31.44,"d":"31.4"},34,21,{"v":105,"d":"105.0"},{"v":33872.666666666664,"d":"33873"},{"v":50609.66666666667,"d":"50610"},55096,{"v":17935.333333333336,"d":"17935"},{"v":5158,"d":"5158.00"},{"v":1.1436603334625823,"d":"1.14"},5899,{"$nulls":5},2,{"$nulls":6},154,172,40,80]
[4,"07-142-DN06",47,"F",34.1,59,32,42.5,{"v":51490.666666666664,"d":"51491"},{"v":76869.33333333333,"d":"76869"},{"v":102484.66666666667,"d":"102485"},{"v":31110.333333333332,"d":"31110"},{"v":7892,"d":"7892.00"},{"v":1.8984414597060315,"d":"1.90"},{"v":14982.5,"d":"14983"},{"$nulls":5},6,{"$nulls":6},237,479,30,136]
[5,"07-142-DN07",34,"F",{"v":25.96086,"d":"25.96"},35,25,null,{"v":38578.666666666664,"d":"38579"},{"v":62386.333333333336,"d":"62386"},{"v":68045.33333333334,"d":"68045"},15885,{"v":4270,"d":"4270.00"},{"v":1.8355971896955503,"d":"1.84"},7838,{"$nulls":5},8,{"$nulls":6},212,171,57,133]
[6,"07-142-DN08",34,"M",34.12,52,33,{"v":106,"d":"106.0"},{"v":34633.666666666664,"d":"34634"},{"v":52301.333333333336,"d":"52301"},{"v":55468.33333333333,"d":"55468"},13837,{"v":3380.3333333333335,"d":"3380.33"},{"v":1.3773789567103836,"d":"1.38"},4656,null,2,2,1,0,5,{"$nulls":6},141,254,36,54]
[7,"07-142-DN09",41,"M",{"v":39.23,"d":"39.2"},92,51,{"v":110,"d":"110.0"},{"v":39260.33333333333,"d":"39260"},74284,{"v":74989.33333333334,"d":"74989"},{"v":26284.666666666668,"d":"26285"},{"v":4267.333333333333,"d":"4267.33"},{"v":1.2265271051398219,"d":"1.23"},5234,{"$nulls":5},5,{"$nulls":6},191,242,30,113]
[8,"07-142-DN10",38,"F",32.5,24,24,{"v":94,"d":"94.0"},{"v":16586.666666666668,"d":"16587"},{"v":39076.333333333336,"d":"39076"},{"v":54671.666666666664,"d":"54672"},{"v":22840.333333333332,"d":"22840"},{"v":4690.666666666667,"d":"4690.67"},{"v":1.0993462194428654,"d":"1.10"},{"v":5156.666666666667,"d":"5157"},null,1,1,1,0,3,{"$nulls":6},147,123,33,89]
[9,"07-142-DN11",45,"M",{"v":27.93,"d":"27.9"},70,51,{"v":94,"d":"94.0"},{"v":11046.666666666666,"d":"11047"},40625,42523,7032,{"v":4850.666666666666,"d":"4850.67"},{"v":0.4459868059373283,"d":"0.45"},{"v":2163.3333333333335,"d":"2163"},null,1,1,2,0,4,{"$nulls":6},220,245,37,134]
[10,"07-142-DN12",54,"F",36.4,103,79,{"v":122,"d":"122.0"},{"v":25171.666666666668,"d":"25172"},{"v":45400.333333333336,"d":"45400"},{"v":58714.33333333333,"d":"58714"},{"v":21394.333333333332,"d":"21394"},{"v":5618.333333333333,"d":"5618.33"},{"v":1.044319193117769,"d":"1.04"},{"v":5867.333333333333,"d":"5867"},null,1,2,2,0,5,{"$nulls":6},244,122,46,182]
[]
[{"$nulls":4},"kg/m²","U/L","U/L","cm"]
["NASH","ID#","Age","Gender","BMI","ALT","AST","Waist Circum"]
[1,"06-477-A-01",47,"F",{"v":25.77,"d":"25.8"},59,38,95.7,{"v":76629.33333333333,"d":"76629"},{"v":99828.33333333333,"d":"99828"},87965,{"v":23405.333333333336,"d":"23405"},{"v":5484.333333333333,"d":"5484.33"},{"$f":"O157/M157","v":{"v":2.866589679693673,"d":"2.87"}},{"v":15721.333333333334,"d":"15721"},null,3,2,1,0,6,{"$nulls":6},208,167,54,121]
[2,"06-477-A-02",42,"M",27.3,136,88,91,{"v":11575.833333333334,"d":"11576"},{"v":53192.333333333336,"d":"53192"},53216,{"v":10232.333333333332,"d":"10232"},{"v":4702.5,"d":"4702.50"},{"v":0.708488392698919,"d":"0.71"},{"v":3331.6666666666665,"d":"3332"},null,1,2,1,null,4,{"$nulls":6},250,233,50,153]
[3,"06-477-A-03",49,"F",32.7,58,46,104,{"v":20782.333333333332,"d":"20782"},{"v":47067.66666666667,"d":"47068"},{"v":53655.33333333333,"d":"53655"},{"v":22452.166666666668,"d":"22452"},{"v":5965.666666666667,"d":"5965.67"},{"v":1.434542102028273,"d":"1.43"},8558,null,2,2,1,0,5,{"$nulls":6},247,164,44,182]
[4,"06-477-A-04",20,"M",{"v":35.56,"d":"35.6"},192,89,{"v":111,"d":"111.0"},{"v":56365.333333333336,"d":"56365"},55092,63094,31952,{"v":5931,"d":"5931.00"},{"v":4.978502781992918,"d":"4.98"},{"v":29527.5,"d":"29528"},null,2,2,0,null,4,{"$nulls":6},194,265,33,108]
[5,"06-477-A-05",41,"F",41.5,17,17,121.5,{"v":48408.66666666667,"d":"48409"},82805,{"v":83741.33333333334,"d":"83741"},{"v":36348.33333333333,"d":"36348"},{"v":6947.333333333333,"d":"6947.33"},{"v":2.0441896171192786,"d":"2.04"},{"v":14201.666666666666,"d":"14202"},null,2,2,2,null,6,{"$nulls":6},172,83,41,114]
[6,"06-477-A-06",49,"F",{"v":40,"d":"40.0"},37,85,110.1,{"v":43423.333333333336,"d":"43423"},{"v":57569.333333333336,"d":"57569"},{"v":94347.16666666667,"d":"94347"},{"v":3504.333333333333,"d":"3504"},{"v":5521,"d":"5521.00"},{"v":1.6640101430900198,"d":"1.66"},9187,null,3,2,3,null,8,{"$nulls":6},156,73,42,99]
[8,"06-477-A-08",62,"F",{"v":26.85,"d":"26.9"},66,76,91.3,{"v":37217.666666666664,"d":"37218"},65112,{"v":68213.33333333333,"d":"68213"},{"v":31350.333333333336,"d":"31350"},{"v":9838.666666666666,"d":"9838.67"},{"v":0.940117224556173,"d":"0.94"},{"v":9249.5,"d":"9250"},null,3,3,2,5,8,{"$nulls":6},174,91,47,109]
[9,"06-477-A-09",49,"M",36.9,91,45,122.8,{"v":56887.66666666667,"d":"56888"},{"v":92111.66666666666,"d":"92112"},{"v":97863.33333333334,"d":"97863"},27552,{"v":7500.333333333333,"d":"7500.33"},{"v":2.428247633438514,"d":"2.43"},{"v":18212.666666666668,"d":"18213"},null,2,2,2,0,6,{"$nulls":6},127,116,36,68]
[10,"06-477-JA-15",43,"M",35.9,122,71,128.5,{"v":38129.166666666664,"d":"38129"},{"v":63415.66666666667,"d":"63416"},117219,28458,{"v":4866.333333333333,"d":"4866.33"},{"v":1.587540242482362,"d":"1.59"},{"v":7725.5,"d":"7726"},{"$nulls":12},155,207,41,73]
[11,"06-477-JA17",50,"F",{"v":44,"d":"44.0"},21,24,127,{"v":70288.33333333333,"d":"70288"},{"v":74988.33333333333,"d":"74988"},110754,{"v":19510.666666666668,"d":"19511"},{"v":6092,"d":"6092.00"},{"v":1.9343948347559643,"d":"1.93"},{"v":11784.333333333334,"d":"11784"},null,2,2,1,2,5,{"$nulls":6},150,56,45,94]
[]
[1,"06-477-A-10",32,"M",41.3,54,44,null,{"v":21119.333333333332,"d":"21119"},43878,{"v":42949.666666666664,"d":"42950"},{"v":11229.666666666666,"d":"11230"},{"v":3309,"d":"3309.00"},{"$f":"O168/M168","v":{"v":1.198549410698096,"d":"1.20"}},3966,{"$nulls":4},5,{"$nulls":7},175,110,39,114]
[2,"06-477-A-11",41,"M",31.2,39,47,100.1,{"v":57358.833333333336,"d":"57359"},{"v":67595.66666666666,"d":"67596"},{"v":98886.33333333334,"d":"98886"},{"v":30867.333333333336,"d":"30867"},{"v":6117,"d":"6117.00"},{"$f":"O169/M169","v":{"v":1.4273881532341564,"d":"1.43"}},{"v":8731.333333333334,"d":"8731"},{"$nulls":12},214,207,32,141]
[3,"06-477-JA-12",63,"M",30.91,44,31,105.1,{"v":15548.666666666668,"d":"15549"},{"v":41423.333333333336,"d":"41423"},{"v":46291.666666666664,"d":"46292"},{"v":12158.333333333332,"d":"12158"},{"v":3170,"d":"3170.00"},{"$f":"O170/M170","v":{"v":1.6187171398527864,"d":"1.62"}},{"v":5131.333333333333,"d":"5131"},null,1,2,2,2,5,{"$nulls":6},146,193,38,69]
[4,"06-477-JA-13",37,"M",24.7,54,34,87,{"v":45989.333333333336,"d":"45989"},{"v":55109.66666666667,"d":"55110"},{"v":71991.33333333334,"d":"71991"},{"v":59878.33333333333,"d":"59878"},{"v":6605,"d":"6605.00"},{"$f":"O171/M171","v":{"v":3.2163512490537474,"d":"3.22"}},21244,{"$nulls":12},167,108,36,109]